Govt. of
Madhya Pradesh

PHYSICS MED EASY 2.0 Class Notes In Handwritten Format (Record no. 67872)

MARC details
000 -LEADER
fixed length control field 00282nam a22001097a 4500
082 ## - DEWEY DECIMAL CLASSIFICATION NUMBER
Classification number 530
100 ## - MAIN ENTRY--AUTHOR NAME
Personal name Raj,DR Manish
245 ## - TITLE STATEMENT
Title PHYSICS MED EASY 2.0 Class Notes In Handwritten Format
260 ## - PUBLICATION, DISTRIBUTION, ETC. (IMPRINT)
Name of publisher Physics Wallah Publication
Year of publication 2025
650 ## - SUBJECT ADDED ENTRY--TOPICAL TERM
Topical Term Physics
942 ## - ADDED ENTRY ELEMENTS (KOHA)
Koha item type Competitive Books
Holdings
Withdrawn status Lost status Damaged status Not for loan Home library Current library Date acquired Cost, normal purchase price Full call number Accession Number Price effective from Koha item type
        MACL MACL 05/04/2025 525.00 530 DPI003509 05/04/2025 Competitive Books
        MACL MACL 05/04/2025 525.00 530 DPI003508 05/04/2025 Competitive Books
        MACL MACL 05/04/2025 525.00 530 DPI003504 05/04/2025 Competitive Books
        MACL MACL 05/04/2025 525.00 530 DPI003505 05/04/2025 Competitive Books
        MACL MACL 05/04/2025 525.00 530 DPI003506 05/04/2025 Competitive Books
        MACL MACL 05/04/2025 525.00 530 DPI003510 05/04/2025 Competitive Books
        MACL MACL 05/04/2025 525.00 530 DPI003502 05/04/2025 Competitive Books
        MACL MACL 05/04/2025 525.00 530 DPI003503 05/04/2025 Competitive Books
        MACL MACL 05/04/2025 525.00 530 DPI003511 05/04/2025 Competitive Books
        MACL MACL 05/04/2025 525.00 530 DPI003507 05/04/2025 Competitive Books